[Event "Ulm/Neu Ulm-ch"]
[Site "Ulm/Neu Ulm"]
[Date "2005.??.??"]
[Round "?"]
[White "Focht, Paul"]
[Black "Kelemen, Norbert"]
[Result "1/2-1/2"]
[WhiteElo "1337"]
[BlackElo "1570"]
[PlyCount "130"]
[EventDate "2005.11.26"]
[EventType "swiss"]
[EventRounds "7"]
[EventCountry "GER"]
[SourceTitle "EXT 2011"]
[Source "ChessBase"]
[SourceDate "2010.11.26"]
[SourceVersion "1"]
[SourceVersionDate "2010.11.26"]
[SourceQuality "1"]

1. d4 Nf6 2. Bf4 e6 3. h3 d5 4. e3 c5 5. Nf3 Nc6 6. c3 a6 7. Ne5 Nxe5 8. Bxe5 Bd6 9. Bxd6 Qxd6 10. Bd3 c4 11. Bc2 0-0 12. Nd2 b5 13. a3 Bd7 14. f4 h6 15. 0-0 Bc6 16. Qe2 Ne4 17. Nxe4 dxe4 18. Qh5 f5 19. Rad1 Qe7 20. g3 Be8 21. Qe2 Bc6 22. Rf2 g6 23. h4 h5 24. Ra1 Bd5 25. Rff1 Rfc8 26. Rfb1 a5 27. Kf2 a4 28. Rh1 Qd7 29. Bd1 Kg7 30. Qd2 Rh8 31. Be2 Qb7 32. Rag1 Qe7 33. Qd1 Kf7 34. Ke1 Rhg8 35. Kd2 Ke8 36. Rg2 Rg7 37. Kc1 Kd7 38. Kb1 Kc7 39. Kc2 Kb6 40. Qf1 Kc7 41. Kd2 Kb6 42. Qa1 Qa7 43. Qd1 Qe7 44. Rh3 Kc7 45. Rg1 Kb6 46. Rhh1 Kc7 47. Rg2 Kb6 48. Ke1 Kc7 49. Qd2 Kb6 50. Kd1 Kc7 51. Kc1 Kb6 52. Kb1 Kc7 53. Ka1 Kb6 54. Ka2 Rc8 55. Kb1 Rh8 56. Qd1 Kc7 57. Qd2 Kb6 58. Kc2 Kc7 59. Rgg1 Kb6 60. Rh2 Kc7 61. Rhg2 Kb6 62. Rh1 Kc7 63. Qe1 Kd6 64. Kb1 Rhh7 65. Ka2 Kc7 1/2-1/2